000 00400nam a2200145 a 4500
005 20140412111427.0
008 090711s19uu xx 00 eng d
020 _a0-545-03761-1
050 _aTR(PS E
_bWh55 2006
100 _aMoore, Mary - Alice
245 _aThe Wheels on the School bus /
_cMary - Alice Moore.
260 _aU.S.A :
_bScholastic,
_c2007.
300 _a1v. unp.
999 _c106262
_d106262